00291nam a2200097Ia 4500008004100000040001200041082001400053100003700067245004600104260004300150200103s9999||||xx |||||||||||||| ||und|| aIMU-MPC aColumn-43 aThe Technical Press, Ltd. London 0aBasic Synchros and Servomechanisms Part 1 bThe Technical Press, Ltd. Londonc1955